000 01173cam a2200289 i 4500
001 50719
003 Mx-PuUPA
005 20220715114828.0
008 140415s2005 mx a gr 000 0 spa d
020 _a9688595780
040 _aMx-PuUPA
_bspa
_cMx-PuUPA
_dMx-PuUPA
_erda
041 0 _aspa
245 0 0 _a¿Creceremos sin ingeniería civil? :
_baún sin ingeniería civil mexicana podría haber crecimiento, pero no avance social /
_ccoordinación de diseño editorial, Rigoberto Rosales Alva ; asesoría de producción, Eduardo Miranda Barrón
250 _a1a. edición
264 1 _aMéxico, D.F. :
_bUniversidad Iberoamericana :
_c2005
300 _a251 páginas :
_bilustraciones, fotografías ;
_c34 cm
336 _2rdacontent
_atexto
_btxt
337 _2rdamedia
_asin medio
_bn
338 _2rdacarrier
_avolumen
_bnc
650 7 _aIngeniería civil
_xPlanificación estratégica
_zMéxico
_2armarc
650 7 _aIngeniería civil
_zMéxico
700 1 _aRosales Alva, Rigoberto,
_ecoordinador
_912935
700 1 _aMiranda Barrón, Eduardo,
_easesor
942 _2ddc
_cLI
_h624.0972
_iC912
999 _c50719
_d50719